| 000 | 00553nam a22001817a 4500 | ||
|---|---|---|---|
| 005 | 20231106142754.0 | ||
| 008 | 231106b |||||||| |||| 00| 0 eng d | ||
| 020 | _a0702104965 | ||
| 041 | _aEnglish | ||
| 082 | _a346.5 FAI | ||
| 100 |
_aFairbairn, WJ _lEnglish |
||
| 245 |
_aHandbook for Executors and Administrators / _cWJ Fairbairn |
||
| 250 | _aThird Edition | ||
| 260 |
_aCape Town : _bJuta and Company Limited _c1974 |
||
| 300 |
_bxix, 458 pages ; _c26 cm. |
||
| 650 |
_aLegal practice _bLaw |
||
| 942 |
_cBK _6ALISON_BN_VRIES |
||
| 999 |
_c333 _d333 |
||